[Event "6th EICC"]
[Site "Warsaw POL"]
[Date "2005.06.18"]
[Round "1"]
[White "Berescu,A"]
[Black "Minasian,Art"]
[Result "0-1"]
[WhiteElo "2439"]
[BlackElo "2597"]
[EventDate "2005.06.18"]

1. e4 g6 2. d4 c6 3. Nc3 d6 4. f4 d5 5. e5 h5 6. Be3 Nh6 7. Nf3 Bg4 8. h3
Bxf3 9. Qxf3 Nf5 10. Bf2 h4 11. Bd3 e6 12. O-O Nd7 13. Ne2 Be7 14. b3 b5
15. c4 Rb8 16. a4 bxc4 17. bxc4 Qa5 18. cxd5 cxd5 19. Bb5 a6 20. Bc6 Qc7
21. Rfc1 Qa7 22. Qd3 Bb4 23. Rab1 O-O 24. Bxd7 Qxd7 25. Qxa6 Bd2 26. Rd1
Be3 27. a5 Ra8 28. Qb5 Qc7 29. a6 Qc2 30. Ra1 Rfb8 31. Qd3 Qxd3 32. Rxd3
Rxa6 33. Rxa6 Rb1+ 34. Kh2 Bxf2 35. Ra2 Ng3 36. Nxg3 hxg3+ 37. Rxg3 Bg1+
38. Kh1 Bxd4+ 39. Kh2 Bg1+ 40. Kh1 Be3+ 0-1

[Event "6th EICC"]
[Site "Warsaw POL"]
[Date "2005.06.18"]
[Round "1"]
[White "Kurnosov,I"]
[Black "Kachur,A"]
[Result "1-0"]
[WhiteElo "2550"]
[BlackElo "2281"]
[EventDate "2005.06.18"]

1. e4 c5 2. Nf3 e6 3. d4 cxd4 4. Nxd4 a6 5. Bd3 Nf6 6. O-O Qc7 7. Qe2 d6 8.
c4 g6 9. Nc3 Bg7 10. Rd1 O-O 11. Nf3 Nc6 12. Bf4 e5 13. Be3 Bg4 14. Bc2
Rab8 15. Bb3 Na5 16. Rac1 Nxb3 17. axb3 Rfd8 18. Bg5 Be6 19. Nd2 h6 20. Nd5
Bxd5 21. cxd5 Qd7 22. Be3 Rbc8 23. Nc4 Qb5 24. Qd3 Bf8 25. Rc3 Nd7 26. Qc2
Nc5 27. Rc1 a5 28. Nxd6 Bxd6 29. Bxc5 Bb8 30. Be3 Rxc3 31. bxc3 h5 32. c4
Qb4 33. c5 Rf8 34. h3 f5 35. exf5 gxf5 36. c6 Bd6 37. c7 1-0

[Event "6th EICC"]
[Site "Warsaw POL"]
[Date "2005.06.18"]
[Round "1"]
[White "Fedorchuk,S"]
[Black "Gajewski,G"]
[Result "0-1"]
[WhiteElo "2577"]
[BlackElo "2396"]
[EventDate "2005.06.18"]

1. e4 e5 2. Nf3 Nc6 3. Bb5 a6 4. Ba4 Nf6 5. O-O Be7 6. Re1 b5 7. Bb3 d6 8.
c3 O-O 9. h3 Rb8 10. d4 exd4 11. cxd4 d5 12. e5 Ne4 13. Nbd2 Bf5 14. Bc2
Nb4 15. Bb1 c5 16. Nxe4 dxe4 17. Bxe4 Bxe4 18. Rxe4 c4 19. Rg4 f5 20. exf6
Bxf6 21. Bg5 Nd3 22. Bxf6 Qxf6 23. b3 Nf4 24. Ne5 Rbd8 25. Kh2 c3 26. b4
Nd5 27. a4 Qxf2 28. Nd3 Qd2 29. Rg3 Qxd1 30. Rxd1 bxa4 31. Rc1 a3 32. Rg5
Rfe8 33. Nc5 Nxb4 34. Rxc3 a2 35. Ra3 Rxd4 36. Nxa6 Rd1 37. Nxb4 a1=Q 38.
Rxa1 Rxa1 39. Nd5 Ree1 40. Rf5 h6 41. Rf2 Rad1 42. Nb4 Re3 43. Nc2 Red3 44.
Rf4 Rc3 45. Nb4 Rd2 46. Rf5 Rb3 47. Nd5 Rbb2 0-1

[Event "6th EICC"]
[Site "Warsaw POL"]
[Date "2005.06.18"]
[Round "1"]
[White "Bocharov,D"]
[Black "Maier,C"]
[Result "1/2-1/2"]
[WhiteElo "2574"]
[BlackElo "2387"]
[EventDate "2005.06.18"]

1. d4 Nf6 2. Nf3 g6 3. c4 Bg7 4. g3 O-O 5. Bg2 d6 6. O-O Nbd7 7. Nc3 e5 8.
e4 exd4 9. Nxd4 Re8 10. Re1 a6 11. b3 Rb8 12. Bb2 Nc5 13. Qc2 Bd7 14. Rad1
Qc8 15. b4 Ne6 16. Nb3 Nf8 17. Nd5 Nxd5 18. Bxg7 Kxg7 19. cxd5 Re7 20. Qc3+
Kg8 21. Rc1 Ba4 22. Nd4 Qe8 23. h4 Rd8 24. h5 Nd7 25. hxg6 hxg6 26. f4 Qf8
27. Kf2 Nf6 28. Rh1 Qg7 29. Rh4 Rxe4 30. Rch1 Ng4+ 31. Kf1 Qxd4 32. Rh8+
Kg7 33. Qxd4+ Rxd4 34. R1h7+ Kf6 35. Rxd8 Ke7 36. Rc8 Rc4 37. Bf3 Nf6 38.
Rh2 Rc1+ 39. Kf2 Bd7 40. Rb8 Rc2+ 41. Kg1 Rc1+ 42. Kg2 Rc2+ 43. Kg1 Rc1+
1/2-1/2

[Event "6th EICC"]
[Site "Warsaw POL"]
[Date "2005.06.18"]
[Round "1"]
[White "Jaracz,P"]
[Black "Ivanchuk,V"]
[Result "0-1"]
[WhiteElo "2530"]
[BlackElo "2739"]
[EventDate "2005.06.18"]

1. Nf3 Nf6 2. c4 b6 3. d4 e6 4. a3 Ba6 5. e3 d5 6. Nbd2 Be7 7. b4 O-O 8.
Bb2 Nbd7 9. Qc2 h6 10. Be2 dxc4 11. Bxc4 Bb7 12. O-O a5 13. b5 c5 14. bxc6
Bxc6 15. Rfc1 Qb8 16. a4 Rc8 17. Qd3 Qb7 18. Bb5 Bb4 19. Bxc6 Rxc6 20. Rxc6
Qxc6 21. Qb3 b5 22. axb5 Qxb5 23. Ba3 Rc8 24. Bxb4 axb4 25. h3 Nd5 26. Rb1
Rc3 27. Qb2 N7b6 28. Ne4 Rc7 29. Nc5 Na4 30. Nxa4 Qxa4 31. e4 Nc3 32. Qxb4
Qxb4 33. Rxb4 Nxe4 34. Rb2 g5 35. g3 Kg7 36. Kg2 Rd7 37. Rb4 Ra7 38. Rb2
Ra4 39. Re2 Nd6 40. Rb2 Ne4 41. Re2 Nc3 42. Rc2 Nd5 43. Rb2 Ra7 44. Ne5 Rc7
45. Ng4 Ne7 46. Ne5 Nf5 47. Nf3 Rd7 48. Rb4 f6 49. Ra4 h5 50. Rb4 Kg6 51.
Rb6 Kf7 52. Rb4 Rd6 53. Ra4 Kg6 54. Rb4 Ra6 55. Rb2 Ne7 56. Re2 Nd5 57. Ne1
h4 58. Nd3 Rc6 59. Kh2 hxg3+ 60. fxg3 Kf5 61. Ne1 Rc3 62. Kg2 Ne3+ 0-1

[Event "6th EICC"]
[Site "Warsaw POL"]
[Date "2005.06.18"]
[Round "1"]
[White "Dreev,A"]
[Black "Godena,M"]
[Result "1-0"]
[WhiteElo "2705"]
[BlackElo "2527"]
[EventDate "2005.06.18"]

1. d4 d5 2. c4 c6 3. Nc3 Nf6 4. e3 e6 5. Nf3 a6 6. b3 Bb4 7. Bd2 Nbd7 8.
Bd3 O-O 9. O-O Bd6 10. Rc1 e5 11. cxd5 cxd5 12. dxe5 Nxe5 13. Nxe5 Bxe5 14.
Ne2 Ng4 15. h3 Nf6 16. Bc3 Qe7 17. Qc2 Bxc3 18. Qxc3 Bd7 19. Nd4 Rfc8 20.
Qa5 Qd6 21. Be2 g6 22. Bf3 h5 23. Qd2 Qa3 24. Rc3 Rxc3 25. Qxc3 Rc8 26. Qa1
a5 27. Rd1 Qe7 28. Ne2 Rc5 29. Nf4 Be6 30. Qe5 Nd7 31. Qd4 Nf6 32. a4 b6
33. Qe5 Nd7 34. Qb2 Nf6 35. Qd4 Kh7 36. Nd3 Rc6 37. Ne5 Rc5 38. Nd3 Rc6 39.
Nf4 Rc5 40. g3 Bf5 41. b4 axb4 42. Qxb4 Qc7 43. Qd4 Qe7 44. Qb4 Qc7 45. Kg2
Be4 46. Bxe4 dxe4 47. Rb1 Rc6 48. Qf8 g5 49. Ne2 Qd7 50. Nd4 Rc8 51. Qa3
Nd5 52. Rb5 h4 53. g4 Nf4+ 54. exf4 Qxd4 55. Qe7 Qc4 56. Rxg5 Rc5 57. f5
Rc6 58. Qf8 1-0

[Event "6th EICC"]
[Site "Warsaw POL"]
[Date "2005.06.18"]
[Round "1"]
[White "Aronian,L"]
[Black "Portisch,L"]
[Result "1-0"]
[WhiteElo "2693"]
[BlackElo "2525"]
[EventDate "2005.06.18"]

1. d4 Nf6 2. c4 e6 3. Nf3 d5 4. g3 dxc4 5. Bg2 Nbd7 6. O-O c6 7. a4 a5 8.
Nc3 Bb4 9. e4 O-O 10. Qc2 Re8 11. Rd1 Qe7 12. e5 Nd5 13. Nd2 N7b6 14. Nce4
Qc7 15. Nxc4 Nxc4 16. Qxc4 b6 17. Qc2 Be7 18. Bg5 Bf8 19. Rac1 Bb7 20. Qe2
Qd7 21. Qg4 Kh8 22. Qh4 Rac8 23. Nf6 Nxf6 24. exf6 c5 25. dxc5 Bd5 26. cxb6
Rxc1 27. Bxc1 Qc6 28. Bxd5 exd5 29. Be3 gxf6 30. Qh5 Qxa4 31. Qxd5 Re5 32.
Qd8 Re8 33. b7 1-0

[Event "6th EICC"]
[Site "Warsaw POL"]
[Date "2005.06.18"]
[Round "1"]
[White "Krasenkow,M"]
[Black "Mchedlishvili,M"]
[Result "1-0"]
[WhiteElo "2672"]
[BlackElo "2518"]
[EventDate "2005.06.18"]

1. Nf3 Nf6 2. c4 e6 3. Nc3 Bb4 4. g4 d6 5. g5 Nfd7 6. Qc2 Nc6 7. a3 Bxc3 8.
Qxc3 e5 9. b4 b6 10. d4 Bb7 11. Rg1 Qe7 12. d5 Nd8 13. Nh4 g6 14. f4 f5 15.
e4 Nf7 16. exf5 exf4+ 17. Kd1 gxf5 18. Ra2 Nfe5 19. Bxf4 Qf7 20. Nf3 O-O-O
21. Nd4 c6 22. dxc6 Nxc6 23. Nxc6 Bxc6 24. Rd2 Rhe8 25. Rxd6 Re6 26. c5
bxc5 27. bxc5 Nxc5 28. Ba6+ Nxa6 29. Qxc6+ Nc7 30. Rxd8+ Kxd8 31. Bxc7+ Ke7
32. Qb7 Kf8 33. Qb8+ Re8 34. Qb4+ Kg8 35. Bf4 a5 36. Qc3 Qa2 37. Re1 Qb1+
38. Bc1 Rd8+ 39. Ke2 1-0

[Event "6th EICC"]
[Site "Warsaw POL"]
[Date "2005.06.18"]
[Round "1"]
[White "Smeets,J"]
[Black "Sakaev,K"]
[Result "1/2-1/2"]
[WhiteElo "2518"]
[BlackElo "2672"]
[EventDate "2005.06.18"]

1. e4 c5 2. Nf3 d6 3. d4 cxd4 4. Nxd4 Nf6 5. Nc3 a6 6. Be3 Ng4 7. Bg5 h6 8.
Bh4 g5 9. Bg3 Bg7 10. h3 Ne5 11. Nf5 Bxf5 12. exf5 Nbd7 13. Nd5 Nb6 14. c3
Nxd5 15. Qxd5 Qd7 16. O-O-O Rc8 17. Be2 Qc6 18. Qxc6+ Rxc6 19. h4 b5 20. a3
Nc4 21. Bf3 Rc7 22. hxg5 hxg5 23. Rxh8+ Bxh8 24. Rh1 Bg7 25. Kc2 Kf8 26.
Bd5 a5 27. Rd1 Nb6 28. Kb3 Rc5 29. Be4 Be5 30. Bxe5 Rxe5 31. Bd3 Kg7 32.
Rh1 Nd7 33. Kc2 Kf6 1/2-1/2

[Event "6th EICC"]
[Site "Warsaw POL"]
[Date "2005.06.18"]
[Round "1"]
[White "Malakhov,V"]
[Black "Khairullin,I"]
[Result "1/2-1/2"]
[WhiteElo "2670"]
[BlackElo "2517"]
[EventDate "2005.06.18"]

1. e4 c5 2. Nf3 e6 3. c3 Nf6 4. e5 Nd5 5. Bc4 b6 6. O-O Bb7 7. d4 Be7 8.
dxc5 bxc5 9. Nbd2 O-O 10. Bd3 Nc6 11. Nc4 Nb6 12. Nfd2 Qc7 13. Qh5 g6 14.
Qe2 Nxc4 15. Nxc4 f6 16. Bh6 Rf7 17. f4 Ba6 18. exf6 Bxf6 19. Ne3 Bxd3 20.
Qxd3 Bg7 21. Ng4 Kh8 22. Rae1 Bxh6 23. Nxh6 Re7 24. g4 Rf8 25. Qd2 Rg7 26.
Rd1 d5 27. Kh1 Qd6 28. Qe2 Rb7 29. Rf2 Kg7 30. g5 Ne7 31. Re1 Nf5 32. Nxf5+
exf5 33. Qe5+ Qxe5 34. Rxe5 Rfb8 35. b3 c4 36. bxc4 dxc4 37. Rc5 Rb2 38.
Rc7+ Kg8 39. Rxb2 Rxb2 40. a4 a5 41. Rxc4 Ra2 42. h4 Kf7 43. Kg1 Ke6 44.
Kf1 Kd5 45. Rd4+ Kc6 46. Rc4+ 1/2-1/2

[Event "6th EICC"]
[Site "Warsaw POL"]
[Date "2005.06.18"]
[Round "1"]
[White "Georgiev,Ki"]
[Black "Stevic,H"]
[Result "1/2-1/2"]
[WhiteElo "2666"]
[BlackElo "2514"]
[EventDate "2005.06.18"]

1. d4 d5 2. Nf3 Nf6 3. c4 dxc4 4. e3 e6 5. Bxc4 c5 6. O-O a6 7. dxc5 Qxd1
8. Rxd1 Bxc5 9. Nbd2 b6 10. Nb3 Be7 11. Be2 Bb7 12. Nfd4 Nbd7 13. f3 Rc8
14. e4 Nc5 15. Be3 Na4 16. Rac1 O-O 17. Rd2 Bb4 18. Rdc2 Rxc2 19. Rxc2 Rc8
20. Rxc8+ Bxc8 21. Nc6 Bf8 22. Bd4 Nd7 23. Nd2 e5 24. Nxe5 Nxe5 25. Bxe5
Bc5+ 26. Kf1 f6 27. Bc3 b5 28. Bd1 Nxc3 29. bxc3 Kf8 30. Ke2 Ke7 31. Bb3
Kd6 32. f4 Bb7 33. g3 a5 34. Bc2 g6 35. Bd3 Bc6 36. Nb3 Bb6 37. Nd4 b4 38.
Kd2 Bb7 39. h4 Bc5 40. g4 bxc3+ 41. Kxc3 Bb4+ 42. Kc2 Bc5 43. Nb5+ Ke7 44.
Kd2 Bf2 45. h5 Bc8 46. hxg6 hxg6 47. Be2 Be6 48. a4 Bg3 49. Ke3 Bb3 50. Nc3
Be1 51. Nd5+ Bxd5 52. exd5 g5 53. fxg5 fxg5 54. Kd4 Kd6 55. Bd3 Bh4 56. Bf5
Be1 57. Be6 Bh4 58. Kc4 Bg3 59. Kb5 Be1 60. Bf5 Kxd5 1/2-1/2

[Event "6th EICC"]
[Site "Warsaw POL"]
[Date "2005.06.18"]
[Round "1"]
[White "Zelcic,R"]
[Black "Moiseenko,A"]
[Result "0-1"]
[WhiteElo "2514"]
[BlackElo "2665"]
[EventDate "2005.06.18"]

1. e4 c5 2. Nf3 Nc6 3. Nc3 e5 4. Bc4 Be7 5. d3 Nf6 6. Ng5 O-O 7. f4 d6 8.
O-O Bg4 9. Qe1 exf4 10. Bxf4 Nd4 11. Qh4 h6 12. Nxf7 Rxf7 13. Bxf7+ Kxf7
14. Bxh6 Be6 15. Qh5+ Kg8 16. Qg6 Bf8 17. Bg5 Qe8 18. Qxe8 Rxe8 19. Rf2 Be7
20. Rd2 Kh7 21. Rf1 Kg6 22. Bf4 Ng4 23. Ne2 Bg5 24. Nxd4 cxd4 25. Bxg5 Kxg5
26. c3 dxc3 27. bxc3 b5 28. Ra1 Rc8 29. h3 Ne5 30. a4 a6 31. axb5 axb5 32.
d4 Ng6 33. Ra5 Bc4 34. Ra6 Nf4 35. Kf2 d5 36. exd5 Nxd5 37. Ra3 Rf8+ 38.
Kg1 Rf1+ 39. Kh2 Rc1 40. Ra7 g6 41. Rb7 Rxc3 42. Rb2 Rd3 43. R7xb5 Bxb5 44.
Rxb5 Rxd4 45. Rb2 Ne3 46. Rb3 Kf4 47. Rb6 Rd1 48. g3+ Kf5 49. g4+ Kf4 50.
Rf6+ Kg5 51. Ra6 Kh4 52. Re6 Rd2+ 53. Kg1 Re2 0-1

[Event "6th EICC"]
[Site "Warsaw POL"]
[Date "2005.06.18"]
[Round "1"]
[White "Nielsen,PH"]
[Black "Mamedov,Rau"]
[Result "1/2-1/2"]
[WhiteElo "2653"]
[BlackElo "2511"]
[EventDate "2005.06.18"]

1. Nf3 Nf6 2. c4 g6 3. Nc3 Bg7 4. e4 d6 5. d4 O-O 6. Be2 Bg4 7. Be3 Nfd7 8.
d5 c5 9. Ng5 Bxe2 10. Qxe2 Na6 11. O-O h6 12. Nh3 Nc7 13. f4 e6 14. Rad1
exd5 15. cxd5 f5 16. e5 Re8 17. e6 Nf6 18. Nf2 b5 19. Qf3 Qc8 20. g4 b4 21.
g5 bxc3 22. gxf6 Bxf6 23. bxc3 Qa6 24. Qh3 Kh7 25. Ne4 fxe4 26. f5 g5 27.
Qh5 Rg8 28. Qf7+ Rg7 29. Qxf6 Qe2 30. Bxc5 Ne8 31. Qd4 dxc5 32. Qe5 Rb7 33.
d6 Rb2 34. Qg3 Nf6 35. Rfe1 Qc2 36. Rc1 Qd2 37. Rcd1 Qc2 38. Rc1 Qd2 39.
Rcd1 1/2-1/2

[Event "6th EICC"]
[Site "Warsaw POL"]
[Date "2005.06.18"]
[Round "1"]
[White "Kovacevic,B"]
[Black "Navara,D"]
[Result "1-0"]
[WhiteElo "2510"]
[BlackElo "2647"]
[EventDate "2005.06.18"]

1. d4 Nf6 2. Bg5 e6 3. Nd2 c5 4. e3 b6 5. Ngf3 Be7 6. Bxf6 Bxf6 7. Ne4 Be7
8. d5 Bb7 9. c4 d6 10. Qc2 exd5 11. cxd5 Nd7 12. Rd1 a6 13. a4 O-O 14. h4
b5 15. axb5 axb5 16. Bxb5 Nf6 17. Bc6 Bxc6 18. dxc6 Ra6 19. O-O Rxc6 20. b4
Nxe4 21. Qxe4 Qc7 22. Rc1 Rc8 23. bxc5 dxc5 24. Rc4 h5 25. Rfc1 Rb6 26. Ng5
g6 27. Qd5 Bf8 28. Rf4 Qb7 29. Qxf7+ Qxf7 30. Nxf7 c4 31. Ne5 c3 32. Rxf8+
Rxf8 33. Nd7 Rc6 34. Nxf8 Kxf8 35. Kf1 Ke7 36. Ke2 Ke6 37. Kd3 Rd6+ 38.
Kxc3 Kf5 39. Ra1 Ke4 40. Ra4+ Ke5 41. Rd4 Ra6 42. Kd2 Ra2+ 43. Ke1 Rb2 44.
Rd2 Rb4 45. g3 Ke4 46. Ke2 Ke5 47. Kf3 Rb6 48. Rd4 Rb1 49. Ra4 Rb2 50. Ra6
Kf5 51. e4+ Ke5 52. Rxg6 Rb3+ 53. Kg2 Kxe4 54. Rg5 1-0

[Event "6th EICC"]
[Site "Warsaw POL"]
[Date "2005.06.18"]
[Round "1"]
[White "Kobalia,M"]
[Black "Frolyanov,D"]
[Result "1-0"]
[WhiteElo "2644"]
[BlackElo "2505"]
[EventDate "2005.06.18"]

1. e4 e5 2. Nf3 Nf6 3. Nxe5 d6 4. Nf3 Nxe4 5. Nc3 Nxc3 6. dxc3 Be7 7. Be3
O-O 8. Qd2 Nc6 9. O-O-O Ne5 10. Kb1 Be6 11. Nd4 Nc4 12. Qd3 Bd5 13. Bc1 Bf6
14. Qh3 Qc8 15. Qg3 Ne5 16. Be2 Re8 17. h4 a6 18. f4 Nc6 19. Bg4 Qd8 20.
Nf5 Be4 21. h5 h6 22. Ne3 Ne7 23. Bf3 Bxf3 24. Qxf3 Qd7 25. g4 Qb5 26. Rd3
a5 27. Rg1 a4 28. g5 hxg5 29. Ng4 Qf5 30. Qh1 a3 31. b3 c6 32. fxg5 Be5 33.
Rf3 Qe6 34. g6 f5 35. Nxe5 dxe5 36. h6 f4 37. hxg7 Nxg6 38. Rh3 Qf5 39.
Bxa3 Kxg7 40. Rh5 Rh8 41. Rxf5 Rxh1 42. Rxh1 Rxa3 43. Rg1 1-0

[Event "6th EICC"]
[Site "Warsaw POL"]
[Date "2005.06.18"]
[Round "1"]
[White "Karjakin,Sergey"]
[Black "Del Rio Angelis,S"]
[Result "1-0"]
[WhiteElo "2635"]
[BlackElo "2495"]
[EventDate "2005.06.18"]

1. e4 c5 2. Nf3 d6 3. d4 cxd4 4. Nxd4 Nf6 5. Nc3 a6 6. Be3 Nc6 7. f3 e6 8.
Qd2 Be7 9. O-O-O O-O 10. g4 Nxd4 11. Bxd4 b5 12. g5 Nd7 13. h4 Qc7 14. Kb1
Rb8 15. h5 b4 16. Na4 Qa5 17. b3 Bxg5 18. Qg2 f6 19. Rg1 Bh6 20. Bc4 Kh8
21. Be3 Qxh5 22. Bxh6 Qxh6 23. Rh1 Qf4 24. Rdg1 g5 25. Qh3 Rf7 26. Qxe6 Ne5
27. Qe8+ Kg7 28. Bxf7 Nxf7 29. Rxh7+ Kxh7 30. Qxf7+ Kh6 31. Rh1+ Qh4 32.
Qxf6+ 1-0

[Event "6th EICC"]
[Site "Warsaw POL"]
[Date "2005.06.18"]
[Round "1"]
[White "Evdokimov,Alexa"]
[Black "Eljanov,P"]
[Result "0-1"]
[WhiteElo "2503"]
[BlackElo "2641"]
[EventDate "2005.06.18"]

1. d4 Nf6 2. c4 e6 3. Nf3 b6 4. g3 Ba6 5. Nbd2 Bb4 6. Qc2 Bb7 7. Bg2 Be4 8.
Qb3 Bxd2+ 9. Bxd2 O-O 10. O-O d6 11. Rfd1 Nbd7 12. Bh3 Re8 13. Rac1 Qe7 14.
Qa3 a5 15. Be3 Bb7 16. Nh4 h6 17. f3 c5 18. Bf2 Qf8 19. Ng2 Nh7 20. Ne1 Ng5
21. Bg2 f5 22. Nc2 Nf7 23. Rd2 Qe7 24. Ne3 Nf6 25. Rcd1 g5 26. Qd3 Kh8 27.
Qc3 f4 28. Ng4 Nxg4 29. fxg4 cxd4 30. Rxd4 e5 31. Bxb7 Qxb7 32. Rd5 Rac8
33. Qb3 Qc6 34. Bxb6 a4 35. Qb5 Qxc4 36. Qd7 Kg8 37. Qf5 Rc6 38. Qg6+ Kf8
39. Bf2 Qxe2 40. Rxd6 Qxd1+ 0-1

[Event "6th EICC"]
[Site "Warsaw POL"]
[Date "2005.06.18"]
[Round "1"]
[White "Mista,A"]
[Black "Fressinet,L"]
[Result "1/2-1/2"]
[WhiteElo "2497"]
[BlackElo "2638"]
[EventDate "2005.06.18"]

1. e4 e5 2. Nf3 Nc6 3. Bb5 a6 4. Ba4 Nf6 5. O-O Be7 6. Re1 b5 7. Bb3 O-O 8.
h3 Bb7 9. d3 d6 10. a3 Qd7 11. Nc3 Nd8 12. d4 exd4 13. Nxd4 Re8 14. Nf5 Ne6
15. Nxe7+ Rxe7 16. f3 Rd8 17. Be3 d5 18. exd5 Nxd5 19. Nxd5 Bxd5 20. Qxd5
Qxd5 21. Bxd5 Rxd5 22. Kf2 Red7 23. Rac1 f5 24. c4 Rd3 25. cxb5 axb5 26.
Rc6 Kf7 27. Bc1 R3d6 28. Rxd6 cxd6 29. Bd2 Rc7 30. Bc3 d5 31. Be5 Rc5 32.
Ke3 Rc2 33. Re2 d4+ 34. Kd3 Rc4 35. Bd6 Rc6 36. Bg3 Rc4 37. Bd6 Rc6 38. Bg3
Rc4 1/2-1/2

[Event "6th EICC"]
[Site "Warsaw POL"]
[Date "2005.06.18"]
[Round "1"]
[White "Jobava,Ba"]
[Black "Urban,K"]
[Result "1/2-1/2"]
[WhiteElo "2637"]
[BlackElo "2497"]
[EventDate "2005.06.18"]

1. c4 e5 2. Nc3 Nf6 3. Nf3 d6 4. d4 Nbd7 5. e4 Be7 6. Be2 c6 7. O-O a6 8.
Qc2 O-O 9. Rd1 Qc7 10. a4 a5 11. h3 Re8 12. d5 Nc5 13. Be3 Nfd7 14. Ne1
1/2-1/2

[Event "6th EICC"]
[Site "Warsaw POL"]
[Date "2005.06.18"]
[Round "1"]
[White "Pantsulaia,L"]
[Black "Aleksandrov,A"]
[Result "1-0"]
[WhiteElo "2496"]
[BlackElo "2635"]
[EventDate "2005.06.18"]

1. Nf3 Nf6 2. c4 e6 3. Nc3 d5 4. d4 Bb4 5. cxd5 exd5 6. Bg5 h6 7. Bxf6 Qxf6
8. Qa4+ Nc6 9. e3 O-O 10. Be2 Be6 11. a3 Bd6 12. Nb5 Bg4 13. O-O Ne7 14.
Rfc1 Bd7 15. Qb3 Bxb5 16. Qxb5 a5 17. Rc2 Qe6 18. Rac1 c6 19. Qd3 Kh8 20.
Nd2 a4 21. g3 Rfe8 22. Nf3 Ng8 23. Rb1 Ra7 24. Ne1 f5 25. Qd1 Nf6 26. Nd3
Qe7 27. Bf1 g5 28. Re2 Ng4 29. Qc2 h5 30. Rbe1 Qg7 31. Bh3 Raa8 32. Kh1 h4
33. f4 Re4 34. Bxg4 fxg4 35. Nf2 Re7 36. Nxg4 Qh7 37. Qxh7+ Rxh7 38. Kg2
Rf8 39. Rf1 Re7 40. Ne5 Kg7 41. gxh4 gxf4 42. exf4 Kf6 43. Kf3 Rg8 44. Rfe1
Kf5 45. Nc4 dxc4 46. Rxe7 Bxe7 47. Rxe7 Rg1 48. h5 Rf1+ 49. Kg3 Rg1+ 50.
Kf3 Rf1+ 51. Kg2 Rb1 52. h6 Rxb2+ 53. Kg3 Kf6 54. h7 Kxe7 55. h8=Q c3 56.
Qe5+ Kd7 57. d5 cxd5 58. Qxd5+ Kc8 59. Qc4+ Kb8 60. Qxa4 1-0

[Event "6th EICC"]
[Site "Warsaw POL"]
[Date "2005.06.18"]
[Round "1"]
[White "Andreikin,D"]
[Black "Volkov,S1"]
[Result "0-1"]
[WhiteElo "2495"]
[BlackElo "2634"]
[EventDate "2005.06.18"]

1. e4 e6 2. d4 d5 3. e5 c5 4. c3 Nc6 5. Nf3 Bd7 6. a3 c4 7. g3 Nge7 8. h4
Nc8 9. Bh3 Na5 10. Nbd2 Nb6 11. a4 Qc7 12. h5 Qc6 13. h6 gxh6 14. Nh2 O-O-O
15. Ng4 Nxa4 16. Nf6 b5 17. Qh5 Be8 18. O-O Kb8 19. Rb1 Qc7 20. Nf3 Qe7 21.
Bxh6 Bxh6 22. Qxh6 Nb3 23. Nd2 Nb6 24. Nxb3 cxb3 25. f4 Bc6 26. f5 Nc4 27.
Rf2 Bb7 28. Nh5 Bc8 29. f6 Qc7 30. Bf1 a5 31. Nf4 a4 32. Nd3 Rdg8 33. Kh2
Rg6 34. Qf4 Rhg8 35. Rg2 h5 36. Be2 Rg5 37. Rc1 Qb6 38. Rb1 Qc7 39. Qc1 Ka7
40. Ra1 Kb6 41. Rb1 Bb7 42. Kh3 Qc8 43. Kh4 Qf8 44. Nf4 Qh6 45. Nxe6 Ne3
46. Kh3 Nxg2 47. Nxg5 Rxg5 48. Kxg2 Qg6 49. Qe1 h4 50. g4 Bc8 51. c4 Qe4+
52. Kh2 Qf4+ 53. Kh1 dxc4 54. Rd1 Bxg4 55. Bxg4 Qxg4 56. Qf1 Rf5 57. Qe1
Qh3+ 58. Kg1 Rg5+ 0-1

[Event "6th EICC"]
[Site "Warsaw POL"]
[Date "2005.06.18"]
[Round "1"]
[White "Graf,A"]
[Black "Galego,L"]
[Result "1/2-1/2"]
[WhiteElo "2632"]
[BlackElo "2493"]
[EventDate "2005.06.18"]

1. d4 Nf6 2. c4 e6 3. Nc3 Bb4 4. e3 O-O 5. Nge2 d5 6. a3 Be7 7. cxd5 exd5
8. b4 Nbd7 9. Ng3 Nb6 10. Bd3 a5 11. b5 Re8 12. O-O Bd6 13. a4 g6 14. f3 c5
15. bxc6 bxc6 16. Re1 Bb4 17. Qc2 Ba6 18. Ba3 Qd6 19. Bxb4 axb4 20. Bxa6
Rxa6 21. Nd1 Nc4 22. Nb2 Nxb2 23. Qxb2 c5 24. dxc5 Qxc5 25. Nf1 Qc3 26.
Reb1 Qxb2 27. Rxb2 Rb8 28. Nd2 Nd7 29. Nb3 Nb6 30. Nc5 Ra5 31. Nd3 Nc4 32.
Rxb4 Rxb4 33. Nxb4 Nxe3 34. Kf2 Nc4 35. Nc6 Rc5 36. Nd4 Na5 37. Ra2 Kf8 38.
Rc2 Rxc2+ 39. Nxc2 Ke7 40. Ke3 Kd6 41. Nd4 Nc4+ 42. Ke2 Kc5 43. Nc2 f5 44.
h4 d4 45. Ne1 Kb4 46. Kd3 Kc5 47. Kc2 Kb4 48. g3 Kc5 49. Nd3+ Kd5 50. Nf4+
Kc5 51. Nd3+ Kd5 52. Kb3 Nd2+ 53. Kb4 Nxf3 54. Kb5 Ne5 55. a5 Nc6 56. Nf4+
Kd6 57. a6 Kc7 58. Kc5 Ne5 59. Kxd4 Nd7 60. Ne6+ Kb6 61. Ng5 Nf6 62. Ke5
Nh5 63. Nxh7 Nxg3 64. Nf8 f4 65. Nxg6 f3 66. Nf4 f2 67. Nd5+ Kxa6 68. Ne3
Kb5 69. Kf4 Nh5+ 70. Kf3 Kc5 71. Kxf2 Kd6 72. Kf3 Ke6 73. Kg4 Nf6+ 74. Kg5
Kf7 1/2-1/2

[Event "6th EICC"]
[Site "Warsaw POL"]
[Date "2005.06.18"]
[Round "1"]
[White "Zaja,I"]
[Black "Tiviakov,S"]
[Result "1/2-1/2"]
[WhiteElo "2489"]
[BlackElo "2631"]
[EventDate "2005.06.18"]

1. d4 Nf6 2. c4 e6 3. Nf3 b6 4. g3 Bb7 5. Bg2 Be7 6. Nc3 Na6 7. O-O O-O 8.
Ne5 Bxg2 9. Kxg2 c6 10. e4 Qc7 11. Bf4 d6 12. Nd3 Rfd8 13. Qf3 Qb7 14. d5
cxd5 15. cxd5 Rac8 16. Rfd1 exd5 17. exd5 b5 18. a3 Rc4 19. Re1 h6 20. Re2
Rd4 21. Rae1 Bf8 22. Bxh6 b4 23. Nxb4 Nxb4 24. axb4 Rb8 25. Bg5 Nxd5 26.
Re8 Rd3 27. Rxb8 Nf4+ 28. Bxf4 Qxf3+ 29. Kg1 f6 30. Ree8 d5 31. Rxf8+ Kh7
32. Rfe8 d4 33. Re1 dxc3 34. bxc3 Rd1 35. Rxd1 Qxd1+ 36. Kg2 Qd5+ 37. Kg1
Qd1+ 38. Kg2 Qd5+ 1/2-1/2

[Event "6th EICC"]
[Site "Warsaw POL"]
[Date "2005.06.18"]
[Round "1"]
[White "Beliavsky,A"]
[Black "Kovchan,A"]
[Result "1-0"]
[WhiteElo "2630"]
[BlackElo "2488"]
[EventDate "2005.06.18"]

1. c4 g6 2. e4 c5 3. Nf3 Bg7 4. d4 cxd4 5. Nxd4 Nc6 6. Be3 Nf6 7. Nc3 d6 8.
Be2 O-O 9. O-O Bd7 10. Qd2 Nxd4 11. Bxd4 Bc6 12. f3 a5 13. b3 Nd7 14. Bf2
Be5 15. Rab1 e6 16. a3 Qf6 17. Nd5 exd5 18. cxd5 Bf4 19. Qd1 Qe7 20. dxc6
bxc6 21. g3 Bh6 22. Qc2 c5 23. Rfd1 Rfb8 24. f4 Bg7 25. Bf3 Ra6 26. Qd3
Rab6 27. e5 Bf8 28. exd6 Qf6 29. Qc4 Bxd6 30. Be1 Qe7 31. Kg2 a4 32. Qxa4
g5 33. Ba5 Ra6 34. Bd8 Rxd8 35. Qxa6 g4 36. Qxd6 gxf3+ 37. Kxf3 1-0

[Event "6th EICC"]
[Site "Warsaw POL"]
[Date "2005.06.18"]
[Round "1"]
[White "Lopez Martinez,J"]
[Black "Gurevich,M"]
[Result "1-0"]
[WhiteElo "2488"]
[BlackElo "2630"]
[EventDate "2005.06.18"]

1. e4 e6 2. d4 d5 3. Nc3 Nf6 4. Bg5 dxe4 5. Nxe4 Be7 6. Bxf6 Bxf6 7. Nf3
Nd7 8. Qd2 O-O 9. O-O-O b6 10. Qf4 Bb7 11. Bd3 Be7 12. h4 Nf6 13. Nxf6+
Bxf6 14. Kb1 Qd6 15. Qg4 Rfd8 16. Ng5 h6 17. Bh7+ Kf8 18. Be4 Bxe4 19. Nxe4
Qe7 20. c3 Rd5 21. Rh3 Rad8 22. Nxf6 Qxf6 23. Rf3 Qe7 24. Re1 Kg8 25. Rg3
g6 26. h5 Rg5 27. Qh4 Qf6 28. Rf3 Qg7 29. hxg6 Qxg6+ 30. Ka1 c5 31. Rh3
cxd4 32. f4 d3 33. fxg5 d2 34. Rd1 Qc2 35. Rhh1 1-0

[Event "6th EICC"]
[Site "Warsaw POL"]
[Date "2005.06.18"]
[Round "1"]
[White "Sargissian,G"]
[Black "Grabarczyk,M"]
[Result "1/2-1/2"]
[WhiteElo "2630"]
[BlackElo "2487"]
[EventDate "2005.06.18"]

1. e4 e5 2. Nf3 Nc6 3. Bb5 Nf6 4. d3 d6 5. c3 a6 6. Ba4 g6 7. O-O Bg7 8.
Re1 O-O 9. Nbd2 Qe7 10. Nf1 Nd8 11. Bc2 Nh5 12. d4 Bg4 13. Ne3 Bxf3 14.
Qxf3 Ne6 15. Nf5 Qf6 16. d5 Ng5 17. Qg4 gxf5 18. Qxh5 Nxe4 19. f3 Nc5 20.
Bxf5 h6 21. Be3 c6 22. Rad1 cxd5 23. Rxd5 Rad8 24. Red1 Ne6 25. Qg4 Nc7 26.
R5d2 d5 27. f4 Ne6 28. fxe5 Qxe5 29. Bxh6 Rd6 30. Rf1 Rb6 31. Re2 Qc7 32.
Be3 Rc6 33. Ref2 Re8 34. Bb1 Nf8 35. Bd4 Ng6 36. Bxg7 Kxg7 37. Qd4+ Kg8 38.
Qxd5 Re7 39. Rd2 Kg7 40. Qd8 Qxd8 41. Rxd8 Ne5 42. Be4 Rb6 43. b3 Ng4 44.
Bf3 Ne5 45. Rd2 Rf6 46. Bd1 Rc6 47. c4 b5 48. cxb5 axb5 49. Be2 b4 50. Rf4
Rb6 51. Re4 f5 52. Red4 Kf6 53. Kf2 Rb8 54. Rd6+ Re6 55. h3 Ra8 56. R6d4
Rb8 57. Rc2 Re7 58. Rc5 Ra8 59. Rc2 Rb8 60. Bf3 Rb6 61. Re2 Ra6 62. Red2
Rb6 63. Rd6+ Re6 64. Rxb6 Rxb6 65. Ke3 Re6 66. Kf2 Ra6 67. Bd5 f4 68. g3
Kf5 69. Bb7 fxg3+ 70. Kxg3 Rg6+ 71. Kf2 Rg7 72. Bf3 Rh7 73. Bg2 Re7 74. Rd4
Ra7 75. Be4+ Ke6 76. Rd2 Rc7 77. Bd5+ Kf5 78. Ke3 Rc1 79. Kd4 Nd7 80. Bc4
Kf6 81. Kd5 Rc3 82. Kd6 1/2-1/2